Statistiques concernant Footballeurs en I (par images).

Cliquez ici pour prendre le quiz!

Statistiques générales

  • Ce quiz a été pris 276 fois
  • Le résultat moyen est 8 sur 12

Statistiques - réponses

Réponse% Correct
Andrés Iniesta
100%
Zlatan Ibrahimović
99%
Mauro Icardi
95%
Ciro Immobile
90%
Isco
89%
Lorenzo Insigne
76%
Jonathan Ikoné
75%
Filippo Inzaghi
72%
Branislav Ivanović
53%
Josip Iličić
45%
Giannelli Imbula
40%
Vincenzo Iaquinta
8%

Distribution des résultats

Percentile par nombre de réponses

% des personnes avec chaque résultat

Votre développement - résultats

Vous n’avez pas pris ce quiz